000 00264nam a2200121Ia 4500
008 190216s9999||||xx |||||||||||||| ||und||
100 _aPrakash Pandit
245 0 _aHindi-Ameer Ghusri
260 _bHindi Pamkth
300 _a148
650 _aHindi
942 _cBK
999 _c16362
_d16362